[Event "CHN-ch U20"]
[Site "Shanghai"]
[Date "2024.02.20"]
[Round "10"]
[White "Cai, Yulun"]
[Black "Li, Deyang"]
[Result "1/2-1/2"]
[WhiteElo "1654"]
[BlackElo "1693"]
[PlyCount "40"]
[EventDate "2024.02.16"]
[EventType "swiss"]
[EventRounds "11"]
[EventCountry "CHN"]
[SourceTitle "CB09_2024"]
[SourceDate "2024.02.28"]
[SourceVersion "1"]
[SourceVersionDate "2024.02.28"]
[SourceQuality "1"]

1. e4 c5 2. Nf3 d6 3. d4 cxd4 4. Nxd4 Nf6 5. Nc3 a6 6. Be3 e5 7. Nb3 Be6 8. f3 h5 9. Qd2 Nbd7 10. Be2 b5 11. 0-0 Be7 12. Rfd1 Qc7 13. Rac1 Nb6 14. Qe1 d5 15. exd5 Nbxd5 16. Nxd5 Nxd5 17. Bd2 Qa7+ 18. Qf2 Qxf2+ 19. Kxf2 Nb4 20. Bxb4 Bxb4 1/2-1/2

[Event "CHN-ch U20"]
[Site "Shanghai"]
[Date "2024.02.19"]
[Round "8"]
[White "Zhao, Yihan"]
[Black "Li, Deyang"]
[Result "1/2-1/2"]
[WhiteElo "1828"]
[BlackElo "1693"]
[PlyCount "131"]
[EventDate "2024.02.16"]
[EventType "swiss"]
[EventRounds "11"]
[EventCountry "CHN"]
[SourceTitle "CB09_2024"]
[SourceDate "2024.02.28"]
[SourceVersion "1"]
[SourceVersionDate "2024.02.28"]
[SourceQuality "1"]

1. d4 d5 2. c4 c6 3. Nf3 Nf6 4. Nc3 dxc4 5. a4 Bf5 6. e3 e6 7. Bxc4 Bb4 8. 0-0 0-0 9. Qe2 Bg6 10. Ne5 Nbd7 11. Nxg6 hxg6 12. Rd1 Qa5 13. Na2 Qxa4 14. b3 Qa5 15. Bb2 Be7 16. e4 Rfe8 17. e5 Nd5 18. Qg4 Qd8 19. g3 a5 20. Nc3 Nxc3 21. Bxc3 Nf8 22. h4 b5 23. Bd3 a4 24. Be4 b4 25. Be1 Qb6 26. bxa4 Red8 27. Bg2 Ra5 28. Qe4 Qa7 29. Rab1 Rxa4 30. Qxc6 Ra6 31. Qc4 Rb8 32. Bxb4 Rab6 33. Bc5 Bxc5 34. Qxc5 Rxb1 35. Qxa7 Rxd1+ 36. Kh2 Rb2 37. d5 exd5 38. Qc5 Ne6 39. Qa7 Rdd2 40. Kh3 Nf8 41. Bf3 Rb3 42. Qa5 Rbd3 43. Kg2 Ne6 44. h5 gxh5 45. Bxh5 g6 46. Bg4 Nf8 47. Qd8 Kg7 48. Qf6+ Kg8 49. e6 fxe6 50. Bxe6+ Nxe6 51. Qxe6+ Kg7 52. g4 Ra2 53. g5 Rdd2 54. Qf6+ Kh7 55. Qf7+ Kh8 56. Qf8+ Kh7 57. Qh6+ Kg8 58. Qxg6+ Kh8 59. Qh6+ Kg8 60. g6 Rxf2+ 61. Kg3 Rg2+ 62. Kf3 Rh2 63. Qc1 Kg7 64. Qg1 Rag2 65. Qd4+ Kxg6 66. Qxd5 1/2-1/2

[Event "CHN-ch U20"]
[Site "Shanghai"]
[Date "2024.02.18"]
[Round "6"]
[White "Xu, Yuyang"]
[Black "Li, Deyang"]
[Result "1/2-1/2"]
[WhiteElo "1769"]
[BlackElo "1693"]
[PlyCount "48"]
[EventDate "2024.02.16"]
[EventType "swiss"]
[EventRounds "11"]
[EventCountry "CHN"]
[SourceTitle "CB09_2024"]
[SourceDate "2024.02.28"]
[SourceVersion "1"]
[SourceVersionDate "2024.02.28"]
[SourceQuality "1"]

1. e4 c5 2. Nf3 d6 3. Bb5+ Bd7 4. Bxd7+ Qxd7 5. c4 Nf6 6. Nc3 g6 7. d4 cxd4 8. Nxd4 Bg7 9. f3 0-0 10. Be3 Nc6 11. 0-0 a6 12. Qd2 Nxd4 13. Bxd4 b5 14. Nd5 Nxd5 15. cxd5 Bxd4+ 16. Qxd4 Rfc8 17. Rfc1 Qb7 18. h3 Rc7 19. Rxc7 Qxc7 20. a4 bxa4 21. Kh2 Rb8 22. Rxa4 Qb6 23. Qc3 Qxb2 24. Qxb2 Rxb2 1/2-1/2

[Event "CHN-ch U20"]
[Site "Shanghai"]
[Date "2024.02.17"]
[Round "4"]
[White "Wu, Hao"]
[Black "Li, Deyang"]
[Result "1-0"]
[WhiteElo "2009"]
[BlackElo "1693"]
[PlyCount "39"]
[EventDate "2024.02.16"]
[EventType "swiss"]
[EventRounds "11"]
[EventCountry "CHN"]
[SourceTitle "CB09_2024"]
[SourceDate "2024.02.28"]
[SourceVersion "1"]
[SourceVersionDate "2024.02.28"]
[SourceQuality "1"]

1. e4 c5 2. c3 Nf6 3. e5 Nd5 4. d4 cxd4 5. Nf3 d6 6. cxd4 Nc6 7. Bc4 Nb6 8. Bb5 Bd7 9. Nc3 dxe5 10. dxe5 a6 11. Be2 Bg4 12. Be3 Nd7 13. Qb3 Qc8 14. Rc1 e6 15. Ne4 Bxf3 16. gxf3 Ndxe5 17. 0-0 Be7 18. Bf4 Qc7 19. Bxe5 Qxe5 20. Qxb7 1-0

[Event "CHN-ch U20"]
[Site "Shanghai"]
[Date "2024.02.16"]
[Round "2"]
[White "Sun, Yidi"]
[Black "Li, Deyang"]
[Result "1-0"]
[WhiteElo "2102"]
[BlackElo "1693"]
[PlyCount "47"]
[EventDate "2024.02.16"]
[EventType "swiss"]
[EventRounds "11"]
[EventCountry "CHN"]
[SourceTitle "CB09_2024"]
[SourceDate "2024.02.28"]
[SourceVersion "1"]
[SourceVersionDate "2024.02.28"]
[SourceQuality "1"]

1. e4 d5 2. exd5 Qxd5 3. Nc3 Qd6 4. d4 Nf6 5. Bc4 c6 6. h3 g6 7. Nf3 Bg7 8. 0-0 0-0 9. Bg5 Be6 10. Bd3 Nbd7 11. Qe2 a5 12. Rad1 a4 13. a3 b5 14. Ne5 Qc7 15. f4 Bd5 16. f5 Nb6 17. Nxd5 Nbxd5 18. c3 Nd7 19. fxg6 hxg6 20. Nxg6 fxg6 21. Qe6+ Kh8 22. Qxg6 Bxd4+ 23. cxd4 N7f6 24. Rf5 1-0

[Event "Tianjin Binhai Cup-B 3rd"]
[Site "Tianjin"]
[Date "2023.08.24"]
[Round "8"]
[White "Li, Deyang"]
[Black "Ye, Fan"]
[Result "1/2-1/2"]
[WhiteElo "1672"]
[BlackElo "1660"]
[PlyCount "71"]
[EventDate "2023.08.20"]
[EventType "swiss"]
[EventRounds "9"]
[EventCountry "CHN"]
[SourceTitle "EXT 2024"]
[Source "ChessBase"]
[SourceDate "2023.10.10"]
[SourceVersion "1"]
[SourceVersionDate "2023.10.10"]
[SourceQuality "1"]

1. d4 Nf6 2. c4 c5 3. d5 e6 4. Nc3 exd5 5. cxd5 d6 6. e4 g6 7. h3 Bg7 8. Nf3 0-0 9. Bd3 b5 10. Bxb5 Nxe4 11. Nxe4 Qa5+ 12. Nfd2 Qxb5 13. Nxd6 Qa6 14. N2c4 Nd7 15. 0-0 Ne5 16. Nxc8 Raxc8 17. Nxe5 Bxe5 18. Re1 Qd6 19. Bg5 f6 20. Bh6 Rfd8 21. Qc2 Rb8 22. Qa4 Rxb2 23. Rac1 Rb7 24. Be3 Rc7 25. f4 Bb2 26. Rc2 Rb8 27. Rd1 a6 28. Kh1 Kg7 29. Rb1 Rb4 30. Qa5 Bc3 31. Rbc1 Bd4 32. Qxb4 Bxe3 33. Qc4 Bxc1 34. Rxc1 Rd7 35. Qxc5 Qxd5 36. Qxd5 1/2-1/2

[Event "CHN-ch U20"]
[Site "Shenzhen"]
[Date "2023.08.02"]
[Round "11"]
[White "Li, Deyang"]
[Black "Li, Jiahong"]
[Result "1/2-1/2"]
[WhiteElo "1672"]
[BlackElo "1715"]
[PlyCount "42"]
[EventDate "2023.07.28"]
[EventType "swiss"]
[EventRounds "11"]
[EventCountry "CHN"]
[SourceTitle "CBM 215 Extra"]
[Source "ChessBase"]
[SourceDate "2023.09.30"]
[SourceVersion "1"]
[SourceVersionDate "2023.09.30"]
[SourceQuality "1"]

1. d4 Nf6 2. c4 e6 3. Nc3 d5 4. cxd5 exd5 5. Bg5 Be7 6. e3 c6 7. Bd3 Nbd7 8. Qc2 h6 9. Bf4 0-0 10. Nf3 Re8 11. 0-0 Bf8 12. h3 a6 13. Rab1 c5 14. dxc5 Nxc5 15. Rfd1 Nxd3 16. Qxd3 Be6 17. Rbc1 Rc8 18. Nd4 Bd6 19. Bxd6 Qxd6 20. a3 b5 21. Nxe6 fxe6 1/2-1/2

[Event "CHN-ch U20"]
[Site "Shenzhen"]
[Date "2023.08.01"]
[Round "9"]
[White "Li, Deyang"]
[Black "Liu, Zimin"]
[Result "1-0"]
[WhiteElo "1672"]
[BlackElo "1548"]
[PlyCount "42"]
[EventDate "2023.07.28"]
[EventType "swiss"]
[EventRounds "11"]
[EventCountry "CHN"]
[SourceTitle "CBM 215 Extra"]
[Source "ChessBase"]
[SourceDate "2023.09.30"]
[SourceVersion "1"]
[SourceVersionDate "2023.09.30"]
[SourceQuality "1"]

1. d4 Nf6 2. c4 e6 3. Nc3 Bb4 4. Nf3 d5 5. Bg5 h6 6. Bxf6 Qxf6 7. e3 0-0 8. Rc1 Rd8 9. a3 Bxc3+ 10. Rxc3 c6 11. Bd3 Nd7 12. cxd5 exd5 13. Qc2 Nf8 14. 0-0 Ne6 15. b4 g6 16. Rb1 a6 17. Ne5 Ng7 18. h3 Bf5 19. a4 Bxd3 20. Qxd3 Qf5 21. Qxf5 Nxf5 1-0

[Event "CHN-ch U20"]
[Site "Shenzhen"]
[Date "2023.07.31"]
[Round "8"]
[White "Xu, Yiming"]
[Black "Li, Deyang"]
[Result "1/2-1/2"]
[WhiteElo "1788"]
[BlackElo "1672"]
[PlyCount "42"]
[EventDate "2023.07.28"]
[EventType "swiss"]
[EventRounds "11"]
[EventCountry "CHN"]
[SourceTitle "CBM 215 Extra"]
[Source "ChessBase"]
[SourceDate "2023.09.30"]
[SourceVersion "1"]
[SourceVersionDate "2023.09.30"]
[SourceQuality "1"]

1. d4 d5 2. c4 c6 3. Nc3 Nf6 4. e3 g6 5. Nf3 Bg7 6. Be2 0-0 7. 0-0 dxc4 8. Bxc4 Bg4 9. h3 Bxf3 10. Qxf3 Nbd7 11. Rd1 e5 12. Bb3 exd4 13. exd4 Nb6 14. Bg5 Qd6 15. Bf4 Qd7 16. Be5 Nfd5 17. Bxg7 Kxg7 18. Nxd5 Nxd5 19. Bxd5 Qxd5 20. Qxd5 cxd5 21. Rac1 Rac8 1/2-1/2

[Event "CHN-ch U20"]
[Site "Shenzhen"]
[Date "2023.07.28"]
[Round "1"]
[White "Li, Deyang"]
[Black "Xi, Qi"]
[Result "0-1"]
[WhiteElo "1672"]
[BlackElo "2198"]
[PlyCount "52"]
[EventDate "2023.07.28"]
[EventType "swiss"]
[EventRounds "11"]
[EventCountry "CHN"]
[SourceTitle "CBM 215 Extra"]
[Source "ChessBase"]
[SourceDate "2023.09.30"]
[SourceVersion "1"]
[SourceVersionDate "2023.09.30"]
[SourceQuality "1"]

1. d4 Nf6 2. c4 e6 3. Nc3 Bb4 4. Nf3 0-0 5. e3 c5 6. Bd2 cxd4 7. exd4 d5 8. a3 Bxc3 9. Bxc3 dxc4 10. Bxc4 b6 11. 0-0 Bb7 12. Ne5 Nc6 13. Qa4 Rc8 14. Bb5 Qd5 15. f3 a5 16. Rfe1 Qd6 17. Rac1 Ne7 18. Kh1 h6 19. Red1 Nf5 20. Nc4 Qd8 21. Be1 Nd5 22. Bf2 Qg5 23. Rc2 Nf4 24. Ne3 Nh3 25. Nxf5 Qxf5 26. Bd3 Qxf3 0-1

[Event "CHN-chT"]
[Site "Daqing"]
[Date "2019.06.26"]
[Round "8.8"]
[White "Li, Bo"]
[Black "Li, Deyang"]
[Result "1-0"]
[WhiteElo "2330"]
[BlackElo "1697"]
[PlyCount "87"]
[EventDate "2019.06.19"]
[EventType "team-swiss"]
[EventRounds "9"]
[EventCountry "CHN"]
[SourceTitle "CBM 191 Extra"]
[Source "ChessBase"]
[SourceDate "2019.09.30"]
[SourceVersion "1"]
[SourceVersionDate "2019.09.30"]
[SourceQuality "1"]
[WhiteTeam "Hunan"]
[BlackTeam "Shanxi"]
[WhiteTeamCountry "CHN"]
[BlackTeamCountry "CHN"]

1. d4 d5 2. c4 c6 3. Nf3 Nf6 4. Nc3 dxc4 5. a4 Bf5 6. Ne5 Nbd7 7. Nxc4 Qc7 8. g3 e5 9. dxe5 Nxe5 10. Bf4 Nfd7 11. Bg2 f6 12. 0-0 g5 13. Nxe5 Nxe5 14. Be3 Bb4 15. Qb3 Qe7 16. a5 Be6 17. Qc2 a6 18. Ne4 Rd8 19. Bb6 Rd5 20. Rfc1 Bf5 21. Qb3 Be6 22. Nxf6+ Qxf6 23. Qxb4 Rb5 24. Qd6 Kf7 25. Qc7+ Qe7 26. Qxe7+ Kxe7 27. Rc5 Nc4 28. Rxb5 axb5 29. Bc5+ Kd7 30. b3 Nxa5 31. Rxa5 Bxb3 32. Ra3 Bc4 33. Bh3+ Kc7 34. Re3 h5 35. Re7+ Kb8 36. f4 g4 37. Bg2 Kc8 38. Bd6 Rh6 39. Be5 Re6 40. Rc7+ Kb8 41. Rxc6+ Rxe5 42. Rxc4 bxc4 43. fxe5 b5 44. Kf2 1-0

[Event "CHN-chT"]
[Site "Hangzhou"]
[Date "2018.06.24"]
[Round "8.7"]
[White "Li, Deyang"]
[Black "Ma, Zhonghan"]
[Result "0-1"]
[WhiteElo "1699"]
[BlackElo "2489"]
[PlyCount "100"]
[EventDate "2018.06.19"]
[EventType "team-swiss"]
[EventRounds "9"]
[EventCountry "CHN"]
[SourceTitle "CBM 185 Extra"]
[Source "ChessBase"]
[SourceDate "2018.07.29"]
[SourceVersion "1"]
[SourceVersionDate "2018.07.29"]
[SourceQuality "1"]
[WhiteTeam "Shanxi"]
[BlackTeam "Qingdao"]
[WhiteTeamCountry "CHN"]
[BlackTeamCountry "CHN"]

1. d4 Nf6 2. Bf4 c5 3. e3 Qb6 4. Nc3 e6 5. Nf3 Nc6 6. Be2 Be7 7. 0-0 cxd4 8. exd4 0-0 9. Na4 Qd8 10. Nc5 b6 11. Nd3 Bb7 12. c3 d6 13. Bg3 Re8 14. Re1 Nh5 15. Qc2 Bf6 16. Rad1 Nxg3 17. hxg3 g6 18. Nf4 Rc8 19. Qa4 d5 20. Rc1 Qd6 21. Ba6 Bxa6 22. Qxa6 Rc7 23. Nd3 Bg7 24. Qa4 Rb8 25. a3 a5 26. Qd1 Re7 27. Qe2 Rd8 28. Nfe5 Nxe5 29. dxe5 Qc6 30. g4 Qc4 31. Qe3 Qb3 32. Rcd1 Rc7 33. Qe2 Bh6 34. Nc1 Bxc1 35. Rxc1 Rc4 36. Rcd1 Rdc8 37. g3 b5 38. Kg2 b4 39. cxb4 Rc2 40. Qe3 Qxe3 41. Rxe3 axb4 42. Rd4 bxa3 43. bxa3 Ra8 44. Kf3 Ra2 45. Rdd3 h6 46. Rb3 Kg7 47. Red3 Ra4 48. Rdc3 Re4 49. Re3 Rc4 50. Red3 g5 0-1

[Event "CHN-chT"]
[Site "Hangzhou"]
[Date "2018.06.21"]
[Round "4.9"]
[White "Li, Deyang"]
[Black "Lin, Jinyu"]
[Result "0-1"]
[WhiteElo "1699"]
[BlackElo "1971"]
[PlyCount "76"]
[EventDate "2018.06.19"]
[EventType "team-swiss"]
[EventRounds "9"]
[EventCountry "CHN"]
[SourceTitle "CBM 185 Extra"]
[Source "ChessBase"]
[SourceDate "2018.07.29"]
[SourceVersion "1"]
[SourceVersionDate "2018.07.29"]
[SourceQuality "1"]
[WhiteTeam "Shanxi"]
[BlackTeam "Shenzhen"]
[WhiteTeamCountry "CHN"]
[BlackTeamCountry "CHN"]

1. d4 d5 2. c4 e6 3. Nc3 c6 4. Nf3 dxc4 5. a4 Bb4 6. e4 b5 7. Be2 Nf6 8. Qc2 Bb7 9. 0-0 a6 10. Bg5 h6 11. Bh4 Bxc3 12. bxc3 g5 13. Bg3 c5 14. e5 Ne4 15. Rab1 Bc6 16. Nd2 Nxd2 17. Qxd2 cxd4 18. cxd4 Be4 19. Rbd1 Nc6 20. f4 Qd5 21. Bh5 g4 22. Bxg4 Rg8 23. Bh3 Rd8 24. f5 Qxd4+ 25. Qxd4 Nxd4 26. fxe6 fxe6 27. Kh1 c3 28. Bf2 Nf5 29. Rxd8+ Kxd8 30. Rd1+ Kc7 31. Rc1 b4 32. a5 Kc6 33. Kg1 Kd5 34. Kf1 Kc4 35. Be1 Bxg2+ 36. Bxg2 Ne3+ 37. Ke2 Nxg2 38. Bg3 b3 0-1